| 000 -LEADER |
| fixed length control field |
01161pam a2200337 a 4500 |
| 001 - CONTROL NUMBER |
| control field |
017666140 |
| 003 - CONTROL NUMBER IDENTIFIER |
| control field |
UkOxU |
| 005 - DATE AND TIME OF LATEST TRANSACTION |
| control field |
20230914132307.0 |
| 008 - FIXED-LENGTH DATA ELEMENTS--GENERAL INFORMATION |
| fixed length control field |
110318s2011 enkg 000 d eng|d |
| 015 ## - NATIONAL BIBLIOGRAPHY NUMBER |
| National bibliography number |
GBB137307 |
| Source |
bnb |
| 020 ## - INTERNATIONAL STANDARD BOOK NUMBER |
| International Standard Book Number |
9781408152195 (pbk.) |
| 020 ## - INTERNATIONAL STANDARD BOOK NUMBER |
| International Standard Book Number |
1408152193 (pbk.) |
| 035 ## - SYSTEM CONTROL NUMBER |
| System control number |
(Uk)015776515 |
| 040 ## - CATALOGING SOURCE |
| Original cataloging agency |
StDuBDS |
| Language of cataloging |
eng |
| Transcribing agency |
StDuBDS |
| Modifying agency |
Uk |
| -- |
UkOxU |
| -- |
KH8 |
| 042 ## - AUTHENTICATION CODE |
| Authentication code |
ukblsr |
| 082 04 - DEWEY DECIMAL CLASSIFICATION NUMBER |
| Classification number |
822.92 STE |
| Edition number |
23 |
| 100 1# - MAIN ENTRY--PERSONAL NAME |
| Personal name |
Stephens, Simon, |
| Dates associated with a name |
1971- |
| Relator term |
author. |
| 240 10 - UNIFORM TITLE |
| Uniform title |
Plays. |
| Form subheading |
Selections |
| 245 10 - TITLE STATEMENT |
| Title |
Plays, 3 / |
| Statement of responsibility, etc. |
Simon Stephens ; with an introduction by the author. |
| 246 3# - VARYING FORM OF TITLE |
| Title proper/short title |
Plays, three |
| 260 ## - PUBLICATION, DISTRIBUTION, ETC. |
| Place of publication, distribution, etc. |
London : |
| Name of publisher, distributor, etc. |
Methuen Drama, |
| Date of publication, distribution, etc. |
2011. |
| 300 ## - PHYSICAL DESCRIPTION |
| Extent |
xx, 443 p. : |
| Other physical details |
music ; |
| Dimensions |
20 cm. |
| 490 1# - SERIES STATEMENT |
| Series statement |
Methuen drama contemporary dramatists |
| 505 0# - FORMATTED CONTENTS NOTE |
| Formatted contents note |
On the shore of the wide world -- Marine parade -- Harper Regan -- Punk rock. |
| 700 12 - ADDED ENTRY--PERSONAL NAME |
| Personal name |
Stephens, Simon, |
| Dates associated with a name |
1971- |
| Title of a work |
On the shore of the wide world. |
| 700 12 - ADDED ENTRY--PERSONAL NAME |
| Personal name |
Stephens, Simon, |
| Dates associated with a name |
1971- |
| Title of a work |
Marine parade. |
| 700 12 - ADDED ENTRY--PERSONAL NAME |
| Personal name |
Stephens, Simon, |
| Dates associated with a name |
1971- |
| Title of a work |
Harper Regan. |
| 700 12 - ADDED ENTRY--PERSONAL NAME |
| Personal name |
Stephens, Simon, |
| Dates associated with a name |
1971- |
| Title of a work |
Punk rock. |
| 830 #0 - SERIES ADDED ENTRY--UNIFORM TITLE |
| Uniform title |
Methuen contemporary dramatists. |
| 942 ## - ADDED ENTRY ELEMENTS (KOHA) |
| Source of classification or shelving scheme |
|
| Koha item type |
Teaching Resources |